1674 1056 1825 1879 1093 1513 1572 1164 1883 1136 1017 1917 1166 1596 1875 1036 1480 1792 1627 1279 1887 1799 1917 1824 1387 1476 1475 1262 1956 1522 1834 1378 1652 1619 1841 2000 1691 1184 1761 1406 1969 1554 1274 1084 1674 1059 1164 1822 1608 1094 1339 1175 1893 1637 1368 1803 1925 1780 1172 1428 1470 1355 1927 1450 1618 1984 1638 1988 1518 1184 1667 1222 1343 1791 1866 1362 1707 1970 1895 1168 1965 1469 1309 1133 1080 1713 1304 1339 1937 1163 1348 1138 1243 1689 1528 1650 1008 1094 1576 BCNSPRNW ULIB Ver.6.0+V

เปลี่ยนเป็นภาษาไทย

Change to English
 แสดงรายละเอียดบรรณานุกรม
  กลับหน้าหลัก

Brief Record : Get Marc (ISO 2709) : E-mail record : QR code < ปิดหน้าต่าง
LEADER : 00000nam 2200000uu 4500
001    13399107894
003     ULIB
008    110209s2551||||th 000 0 tha d
060 04 WZ100^bส139ง 2551?
100 0  สงวน นิตยารัมภ์พงศ์
245 10 งานกับอุดมคติของชีวิต /^cสงวน นิตยารัมภ์พงศ์
260    กรุงเทพฯ :^b[ม.ป.ท],^c2551?
300    159 หน้า :^bภาพประกอบ ;^c21 ซม.
600 07 สงวน นิตยารัมภ์พงศ์
650  7 แพทย์^vชีวประวัติ
650  7 หลักประกันสุขภาพ
945    ^p0^l0^i023198
995    เกษร
999 ^a ใช้งานได้ทุกระบบ
รายการนี้ยังไม่มีแท็ก
คุณยังไม่ได้ล็อกอิน คุณสามารถมีกิจกรรมร่วมกับเว็บไซต์ได้ แต่ต้องล็อกอินก่อน ::
  ล็อกอิน

รายการสื่อสารสนเทศ

ลำดับที่ ประเภท เลขเรียก/บาร์โค้ด สถานที่ สถานะ
- ไม่พบข้อมูล -

รายการใกล้เคียง
    ผู้แต่ง [สงวน นิตยารัมภ์พงศ์]

    หัวเรื่อง [หลักประกันสุขภาพ]

BibComment


ยังไม่เคยถูกคอมเมนท์

คอมเมนท์ทรัพยากรรายการนี้
  คอมเมนท์: งานกับอุดมคติของช..


 Copyright 2026. Bcnsprnw @Library